Loreto College Library, Kolkata
WEBOPAC (ONLINE PUBLIC ACCESS CATALOGUE)

Max Weber on the Methodology of the Social Sciences (Record no. 44021)

MARC details
000 -LEADER
fixed length control field 00805nam a22001937a 4500
005 - DATE AND TIME OF LATEST TRANSACTION
control field 20250421093038.0
008 - FIXED-LENGTH DATA ELEMENTS--GENERAL INFORMATION
fixed length control field 250407b |||||||| |||| 00| 0 eng d
020 ## - ISBN | অাই এস বি এন
ISBN | অাই এস বি এন 9780282383220
PRICE Rs.1081.00
040 ## - CATALOGING SOURCE
Original cataloging agency Loreto College
041 ## - LANGUAGE CODE
Language code English
082 ## - DDC | ডিউই
Classification number | বর্গসংখ্যা 300.72
Book Number | গ্রন্থাঙ্ক WEB
100 ## - MAIN ENTRY--PERSONAL NAME | মুখ্য সংলেখ - ব্যাক্তিনাম
Personal name | ব্যাক্তিনাম Weber,Max
245 ## - TITLE STATEMENT | অাখ্যা বিবরণী
Title | অাখ্যা Max Weber on the Methodology of the Social Sciences
Statement of responsibility | লেখকের দায়িত্বের বিবরণ Max Weber
260 ## - IMPRINT | প্রকাশনা ক্ষেত্র
Place of publication | প্রকাশ স্থান London
Name of publisher | প্রকাশকের নাম Forgotten Books
Date of publication | প্রকাশ কাল ©2018
300 ## - PHYSICAL DESCRIPTION |
Page / Vol. No | পৃষ্ঠা / খন্ড সংখ্যা 188p.
Other physical details | অনান্য বাহ্যিক বিবরণ 22cm.
650 ## - SUBJECT ADDED ENTRY--TOPICAL TERM | বিষয় শিরোনাম - মূল বিষয়
Topical term | মূল বিষয় Social science-Methodology
850 ## - HOLDING INSTITUTION
Holding institution LCLIB
Sub Holdings P.C.Chandra Gyandhara Prakalpo
942 ## - ADDED ENTRY ELEMENTS (KOHA)
Koha item type Books
Holdings
Withdrawn status Lost status Source of classification Damaged status Not for loan Home library Current library Shelving location Date acquired Price Total Checkouts Full call number Accession No. Date last seen Price effective from Koha item type Coded location qualifier
    Dewey Decimal Classification     Loreto College Loreto College P.C.Chandra Gyandhara Prakalpo 07/04/2025 1081.00   300.72 WEB 54685 48177 07/04/2025 07/04/2025 Books